| 000 | 00000nam 2200000zi 4500 |
| 001 | 9.867738 |
| 003 | CaOODSP |
| 005 | 20221107162407 |
| 006 | m o d f |
| 007 | cr ||||||||||| |
| 008 | 190129s1958 onc ot f|0| 0 eng d |
| 040 | |aCaOODSP|beng|erda|cCaOODSP |
| 043 | |an-cn--- |
| 086 | 1 |aM38-1/35-1958E-PDF |
| 100 | 1 |aYao, Y. L., |eauthor. |
| 245 | 10|aEffects of cold work and quenching on the magnetic susceptibility of a commercial titanium alloy / |cby Y. L. Yao. |
| 264 | 1|aOttawa, Ontario : |bDepartment of Mines and Technical Surveys, |c1958. |
| 300 | |a1 online resource (9 pages) |
| 336 | |atext|btxt|2rdacontent |
| 337 | |acomputer|bc|2rdamedia |
| 338 | |aonline resource|bcr|2rdacarrier |
| 490 | 1 |aMines Branch Research Report ; |vR 35 |
| 500 | |a"Reprinted from American Society for Metals, No. 114; Vol. 51, Trans. 1958." |
| 500 | |aTitle from cover. |
| 504 | |aIncludes bibliographic references. |
| 520 | |a"The mean susceptibility of Ti-140A measured at room temperature increases with cold work and quenching. While the annealing of most cold-worked and all quenched samples, at 300 °C (570 °F) for 4 hours, almost wipes out this increase, the identical annealing of lightly deformed samples may cause a further increase. It is shown that the anomalous effects of low-temperature annealing may be connected to strain aging. Tentative explanations as to what causes the change of the mean susceptibility have been made and some applications are given"--Abstract, p. 1. |
| 692 | 07|2gccst|aMetals |
| 710 | 1 |aCanada. |bDepartment of Mines and Technical Surveys. |
| 710 | 1 |aCanada. |bMines Branch. |
| 830 | #0|aResearch report (Canada. Mines Branch)|vR 35.|w(CaOODSP)9.855660 |
| 856 | 40|qPDF|s1.04 MB|uhttps://publications.gc.ca/collections/collection_2019/rncan-nrcan/m38-1/M38-1-35-1958-eng.pdf |